| 000 | 01535nam a22002777a 4500 | ||
|---|---|---|---|
| 005 | 20110704161921.0 | ||
| 020 |
_a8182634075 _c20.00 |
||
| 020 |
_a9788182634077 _c20.00 |
||
| 035 | _aB-432374-378 | ||
| 037 |
_aDPL _bBlue Berry |
||
| 082 | _aS | ||
| 100 |
_aJaiswal, Sanjiv 'Sanjay' _929808 |
||
| 245 |
_aPehelwaan Ji / _c by Sanjiv Jaiswal 'Sanjay'; illustrated by Ajit Narayan; translated by Manisha Chaudhry |
||
| 250 | _a3rd | ||
| 260 |
_aNew Delhi _bPratham Books _c2010 |
||
| 270 |
_a633-634, 4th "C" Main, 6th 'B' Cross, OMBR Layout, Banaswadi _bBangalore _e560043 _k011-65684113 |
||
| 300 |
_a16p. _bill. _c17 cm.(pbk) |
||
| 700 | _929160 | ||
| 942 |
_2ddc _cCH _hS _mJAI |
||
| 999 |
_c53612 _d53612 |
||